Les fleurs - Statistiques

Statistiques générales
  • Ce quiz a été pris 819 fois
    807 depuis la dernière actualisation
  • Le résultat moyen est 16 sur 28
Statistiques - réponses
Par images Réponse % Correct
rose
98%
tournesol
98%
coquelicot
95%
tulipe
91%
marguerite
90%
lavande
88%
muguet
84%
pissenlit
82%
nénuphar
79%
pensée
78%
pâquerette
73%
jonquille
72%
bouton d'or
69%
lys
66%
hortensia
65%
chardon
59%
bleuet
58%
orchidée
45%
camélia
36%
géranium
35%
souci
35%
perce-neige
30%
capucine
28%
glaïeul
27%
pétunia
21%
aster
16%
azalée
15%
anémone
13%
Aucun quiz correspondant
Distribution des résultats
% des personnes avec chaque résultat
Percentile par nombre de réponses
Votre historique - résultats
Vous n’avez pas pris ce quiz depuis la dernière actualisation